| 000 | 00769nam a22002177a 4500 | ||
|---|---|---|---|
| 999 |
_c20855 _d20855 |
||
| 003 | AR-CdUCM | ||
| 008 | 190402b ||||| |||| 00| 0 spa d | ||
| 040 |
_aMUNICIPALIDAD PROVINCIAL DEL CUSCO _cBIBLIOTECA MUNICIPAL DEL CUSCO |
||
| 082 |
_aEP / 372.800 / _bSA22 |
||
| 100 |
_aSanchez Silva, Jose Maria _943544 |
||
| 245 | _aCuentos de navidad / | ||
| 260 |
_aEspaña : _bMagisterio Español, _c1970.. |
||
| 300 |
_bIlustraciones, _c32 cm. |
||
| 440 |
_aEditorial magisterio Español _943545 |
||
| 505 | _aContenido : Disputa de las cosas en el establo -- El invernadero -- Los dos conejos -- Carta a Dios... | ||
| 650 |
_aEducación primaria _91561 |
||
| 650 |
_aCuentos _9217 |
||
| 700 |
_aAguirre, Jose Francisco _934384 |
||
| 942 |
_2ddc _cLIBROS |
||
| 945 | _arcc | ||